| 000 | 00649nam a2200205 u 4500 | ||
|---|---|---|---|
| 005 | 20240228063730.0 | ||
| 008 | 151110s2003 mx r 000 0 spa d | ||
| 020 | _a970220626X | ||
| 035 | _aUPN01000206717 | ||
| 049 | _aI | ||
| 050 | 4 |
_aQP37 _bL6.3 |
|
| 100 | 1 |
_aLobb, Janice _933937 |
|
| 245 | 1 | 0 |
_aCorrer y saltar : _b¿qué vamos a jugar? / _cJanice Lobb ; il. Peter Utton Ramírez. |
| 260 |
_aMéxico : _bLarousse, _c2003. |
||
| 300 |
_a31 p. _bil. col. |
||
| 440 | 3 |
_aEl pequeño cientifico. _pExperimentos divertidos |
|
| 650 | 4 |
_aCuerpo humano _vLiteratura infantil _912325 |
|
| 650 | 4 |
_aEXPERIMENTOS EDUCATIVOS _95899 |
|
| 905 | _aInfantil | ||
| 999 |
_c178818 _d178818 |
||